<?xml version="1.0" encoding="UTF-8"?>
<record
    xmlns:xsi="http://www.w3.org/2001/XMLSchema-instance"
    xsi:schemaLocation="http://www.loc.gov/MARC21/slim http://www.loc.gov/standards/marcxml/schema/MARC21slim.xsd"
    xmlns="http://www.loc.gov/MARC21/slim">

  <leader>00630nam a22001577a 4500</leader>
  <controlfield tag="003">OSt</controlfield>
  <controlfield tag="005">20160401150303.0</controlfield>
  <controlfield tag="008">160401b        xxu||||| |||| 00| 0 eng d</controlfield>
  <datafield tag="040" ind1=" " ind2=" ">
    <subfield code="c">RUA</subfield>
  </datafield>
  <datafield tag="082" ind1=" " ind2=" ">
    <subfield code="a">FOR SAO 1996 B473 Or.1</subfield>
  </datafield>
  <datafield tag="100" ind1=" " ind2=" ">
    <subfield code="9">8301</subfield>
    <subfield code="a">SAO VANNY, &#x179F;&#x17C5; &#x179C;&#x17C9;&#x17B6;&#x1793;&#x17D2;&#x1793;&#x17B8;</subfield>
  </datafield>
  <datafield tag="245" ind1=" " ind2=" ">
    <subfield code="a">Effectiveness of the animal conservation at phnom tamao zoo, &#x179F;&#x17B7;&#x1780;&#x17D2;&#x179F;&#x17B6;&#x1794;&#x17D2;&#x179A;&#x179F;&#x17B7;&#x1791;&#x17D2;&#x1792;&#x17B7;&#x1797;&#x17B6;&#x1796;&#x1793;&#x17C3;&#x1780;&#x17B6;&#x179A;&#x17A2;&#x1797;&#x17B7;&#x179A;&#x1780;&#x17D2;&#x179F;&#x179F;&#x178F;&#x17D2;&#x179C;&#x1796;&#x17D2;&#x179A;&#x17C3;&#x1793;&#x17C5;&#x178F;&#x17C6;&#x1794;&#x1793;&#x17CB;&#x179F;&#x17BD;&#x1793;&#x179F;&#x178F;&#x17D2;&#x179C;&#x1797;&#x17D2;&#x1793;&#x17C6;&#x178F;&#x17B6;&#x1798;&#x17C9;&#x17C5;</subfield>
  </datafield>
  <datafield tag="260" ind1=" " ind2=" ">
    <subfield code="a">Phnom Penh</subfield>
    <subfield code="b">RUA</subfield>
    <subfield code="c">1996</subfield>
  </datafield>
  <datafield tag="300" ind1=" " ind2=" ">
    <subfield code="a">77p.</subfield>
    <subfield code="b">ill.</subfield>
    <subfield code="c">29cm.</subfield>
  </datafield>
  <datafield tag="942" ind1=" " ind2=" ">
    <subfield code="2">ddc</subfield>
    <subfield code="c">FOR</subfield>
  </datafield>
  <datafield tag="999" ind1=" " ind2=" ">
    <subfield code="c">7938</subfield>
    <subfield code="d">7938</subfield>
  </datafield>
  <datafield tag="952" ind1=" " ind2=" ">
    <subfield code="0">0</subfield>
    <subfield code="1">0</subfield>
    <subfield code="2">ddc</subfield>
    <subfield code="4">0</subfield>
    <subfield code="6">FOR_SAO_1996_000000000000000_B473_OR_1</subfield>
    <subfield code="7">0</subfield>
    <subfield code="9">45566</subfield>
    <subfield code="a">LBB</subfield>
    <subfield code="b">LBB</subfield>
    <subfield code="c">B473</subfield>
    <subfield code="d">2016-04-01</subfield>
    <subfield code="o">FOR SAO 1996 B473 Or.1</subfield>
    <subfield code="p">RUA057324</subfield>
    <subfield code="r">2016-04-01</subfield>
    <subfield code="w">2016-04-01</subfield>
    <subfield code="y">FOR</subfield>
  </datafield>
</record>
